[Event "Cannes op"]
[Site "Cannes"]
[Date "1992.??.??"]
[Round "?"]
[White "Badii, Madjid"]
[Black "Birmingham, Eric"]
[Result "1-0"]
[WhiteElo "2260"]
[BlackElo "2345"]
[PlyCount "63"]
[EventDate "1992.02.??"]
[EventType "swiss"]
[EventRounds "9"]
[EventCountry "FRA"]
[SourceTitle "TD"]
[Source "ChessBase"]
[SourceDate "1994.03.01"]
[SourceVersion "1"]
[SourceVersionDate "1994.03.01"]
[SourceQuality "1"]

1. e4 c5 2. Nf3 e6 3. d4 cxd4 4. Nxd4 a6 5. Nc3 Qc7 6. g3 Bb4 7. Bd2 Nf6 8. Bg2 Nc6 9. Nxc6 bxc6 10. 0-0 0-0 11. Nb5 Qa5 12. c3 Be7 13. c4 Qb6 14. Be3 Qb8 15. Nc3 Qxb2 16. Na4 Qe5 17. Nb6 Rb8 18. Bf4 Qc5 19. Bxb8 Qxb6 20. Bd6 Bxd6 21. Qxd6 Ne8 22. Qa3 c5 23. Rab1 Qc7 24. f4 f6 25. Qb2 Nd6 26. Qb8 Qxb8 27. Rxb8 Kf7 28. e5 Nf5 29. Rfb1 fxe5 30. fxe5 Ne3 31. Re1 Nf5 32. g4 1-0

[Event "Cannes op"]
[Site "Cannes"]
[Date "1992.??.??"]
[Round "?"]
[White "Portisch, Lajos"]
[Black "Birmingham, Eric"]
[Result "1-0"]
[WhiteElo "2575"]
[BlackElo "2345"]
[PlyCount "111"]
[EventDate "1992.02.??"]
[EventType "swiss"]
[EventRounds "9"]
[EventCountry "FRA"]
[SourceTitle "TD"]
[Source "ChessBase"]
[SourceDate "1994.03.01"]
[SourceVersion "1"]
[SourceVersionDate "1994.03.01"]
[SourceQuality "1"]

1. d4 e6 2. c4 f5 3. g3 Nf6 4. Bg2 d5 5. Nf3 c6 6. Nc3 Bd6 7. Bf4 0-0 8. e3 b6 9. Qb3 Ne4 10. cxd5 cxd5 11. 0-0 Nc6 12. Rfc1 Na5 13. Qd1 Bb7 14. Nb5 Qd7 15. a4 Nc6 16. Ne1 Be7 17. Nd3 Rfc8 18. g4 g6 19. gxf5 gxf5 20. Kh1 Bf6 21. f3 Ng5 22. Nd6 Rf8 23. b4 a6 24. Rab1 Bc8 25. Rc3 Nf7 26. Nxf7 Rxf7 27. Qc2 Bb7 28. Rc1 Rc8 29. Qb1 Na7 30. Rxc8+ Nxc8 31. a5 Nd6 32. axb6 Nc4 33. Rg1 Kh8 34. Bc7 Rg7 35. Qc1 Qb5 36. Nf4 Qe8 37. Qc3 e5 38. dxe5 Bxe5 39. Bxe5 Qxe5 40. Qxe5 Nxe5 41. Rd1 Rd7 42. Ne6 Rd6 43. Nd4 Rxb6 44. Rb1 Nc6 45. Nc2 Ne5 46. Kg1 Kg7 47. Nd4 Kf6 48. Bf1 Nc6 49. Nc2 f4 50. exf4 d4 51. Bd3 Bc8 52. Kf2 Bf5 53. Be4 Ke6 54. Ke2 d3+ 55. Kxd3 Rb5 56. Ra1 1-0

[Event "New York op"]
[Site "New York"]
[Date "1991.??.??"]
[Round "?"]
[White "Hoyos Millan, Luis Bernardo"]
[Black "Birmingham, Eric"]
[Result "0-1"]
[WhiteElo "2210"]
[BlackElo "2335"]
[PlyCount "108"]
[EventDate "1991.03.??"]
[EventType "swiss"]
[EventRounds "9"]
[EventCountry "USA"]
[SourceTitle "EXT 1998"]
[Source "ChessBase"]
[SourceDate "1997.11.17"]
[SourceVersion "1"]
[SourceVersionDate "1997.11.17"]
[SourceQuality "1"]

1. e4 c5 2. Nf3 Nc6 3. d4 cxd4 4. Nxd4 g6 5. Nc3 Bg7 6. Nb3 Nf6 7. Be2 0-0 8. h4 d6 9. h5 Be6 10. Be3 Ne5 11. Nd4 Rc8 12. hxg6 hxg6 13. Nxe6 fxe6 14. f3 d5 15. exd5 Nxd5 16. Nxd5 Qxd5 17. Qxd5 exd5 18. 0-0-0 e6 19. Rhe1 Nc6 20. Bc5 Rfe8 21. Bd3 Kf7 22. f4 Rh8 23. Kb1 b6 24. Bg1 Nb4 25. c3 Nxd3 26. Rxd3 Rc4 27. Bd4 Bxd4 28. cxd4 Rhc8 29. Rd2 a5 30. g4 b5 31. Rh1 Kf6 32. Re1 R8c6 33. Rh1 a4 34. a3 b4 35. axb4 Rxb4 36. Ka2 Rcc4 37. Rhd1 Rb3 38. g5+ Kf5 39. Re1 Rb6 40. Re5+ Kxf4 41. Rf2+ Kg3 42. Rd2 Rcb4 43. Rd3+ Kf4 44. Rd2 Rxd4 45. Rxe6 Rxe6 46. Rxd4+ Kxg5 47. Rxd5+ Kf4 48. Rd4+ Re4 49. Rd8 g5 50. b3 axb3+ 51. Kxb3 g4 52. Kc3 g3 53. Kd2 g2 54. Rg8 Kf3 0-1

[Event "New York op"]
[Site "New York"]
[Date "1991.??.??"]
[Round "2"]
[White "Shirazi, Kamran"]
[Black "Birmingham, Eric"]
[Result "0-1"]
[WhiteElo "2390"]
[BlackElo "2355"]
[PlyCount "40"]
[EventDate "1991.03.??"]
[EventType "swiss"]
[EventRounds "9"]
[EventCountry "USA"]
[SourceTitle "CBM 023"]
[Source "ChessBase"]
[SourceDate "1991.08.01"]
[SourceVersion "1"]
[SourceVersionDate "1991.08.01"]
[SourceQuality "1"]

1. e4 c5 2. Nf3 Nc6 3. Bb5 g6 4. 0-0 Bg7 5. d4 cxd4 6. c3 dxc3 7. Nxc3 Nf6 8. Re1 0-0 9. e5 Ng4 10. Bf4 f6 11. exf6 Nxf6 12. Bc4+ Kh8 13. Ng5 d5 14. Bxd5 Nxd5 15. Nxd5 Bd4 16. Rxe7 Qxd5 17. Rxh7+ Kg8 18. Be3 Rf5 19. Qg4 Rxg5 20. Rh8+ Bxh8 0-1

[Event "FRA-ch"]
[Site "Angers"]
[Date "1990.??.??"]
[Round "10"]
[White "Bernard, Christophe"]
[Black "Birmingham, Eric"]
[Result "1/2-1/2"]
[WhiteElo "2335"]
[BlackElo "2305"]
[PlyCount "170"]
[EventDate "1990.??.??"]
[EventType "tourn"]
[EventRounds "15"]
[EventCountry "FRA"]
[EventCategory "6"]
[SourceTitle "EXT 1997"]
[Source "ChessBase"]
[SourceDate "1996.11.15"]
[SourceVersion "1"]
[SourceVersionDate "1996.11.15"]
[SourceQuality "1"]

1. d4 Nf6 2. Nf3 e6 3. c4 c5 4. e3 cxd4 5. exd4 d5 6. Nc3 Be7 7. cxd5 exd5 8. Bd3 0-0 9. h3 Nc6 10. 0-0 Be6 11. Be3 Rc8 12. Ng5 Qd7 13. Nxe6 fxe6 14. Qe2 Bd6 15. Rad1 g6 16. g4 e5 17. dxe5 Nxe5 18. f4 Nxd3 19. Qxd3 Bb8 20. Nxd5 Nxd5 21. Qxd5+ Qxd5 22. Rxd5 Rfe8 23. Rd3 Rc2 24. Rf2 Rc4 25. f5 gxf5 26. Rxf5 Be5 27. b3 Rc2 28. a4 a6 29. Rf2 Rc7 30. Kg2 Rec8 31. Rf5 Bg7 32. Rg5 h6 33. Rgd5 Rc3 34. Rd7 Rxd3 35. Rxd3 Rc7 36. Bf4 Rf7 37. Kg3 Kh7 38. h4 Re7 39. Kf3 Bf6 40. Rd6 Bg7 41. g5 hxg5 42. hxg5 Bb2 43. Kg4 Kg7 44. Kf5 Bc3 45. g6 Bb2 46. Rd5 Ba1 47. Bg5 Rc7 48. Bd8 Rc1 49. Rd7+ Kg8 50. Rxb7 Rf1+ 51. Ke4 Re1+ 52. Kf3 Rd1 53. Bb6 Rd6 54. a5 Rxg6 55. b4 Bc3 56. Bc5 Re6 57. Ra7 Bd2 58. Rd7 Bc3 59. Kf4 Re2 60. Rd3 Be1 61. Rd6 Rb2 62. Rxa6 Bxb4 63. Bxb4 Rxb4+ 64. Kf5 Kf7 65. Ra8 Rb5+ 66. Ke4 Kg7 67. a6 Rb6 68. Ra7+ Kh6 69. Kf5 Rc6 70. Ke5 Rb6 71. Kd5 Rg6 72. Ra8 Kh7 73. Ke5 Rb6 74. Kd5 Rg6 75. Ra7+ Kh6 76. Ra8 Kh7 77. Kc5 Rg5+ 78. Kd6 Rg6+ 79. Ke7 Rg7+ 80. Kf6 Rg6+ 81. Kf5 Rb6 82. Kg5 Rg6+ 83. Kf4 Rb6 84. Ke4 Rc6 85. Ra7+ Kh6 1/2-1/2

[Event "FRA-ch"]
[Site "Angers"]
[Date "1990.??.??"]
[Round "13"]
[White "Birmingham, Eric"]
[Black "Apicella, Manuel"]
[Result "1/2-1/2"]
[WhiteElo "2305"]
[BlackElo "2410"]
[PlyCount "49"]
[EventDate "1990.??.??"]
[EventType "tourn"]
[EventRounds "15"]
[EventCountry "FRA"]
[EventCategory "6"]
[SourceTitle "EXT 1997"]
[Source "ChessBase"]
[SourceDate "1996.11.15"]
[SourceVersion "1"]
[SourceVersionDate "1996.11.15"]
[SourceQuality "1"]

1. g3 Nf6 2. Bg2 g6 3. d4 d5 4. c4 c6 5. Nf3 Bg7 6. 0-0 0-0 7. Qb3 Qb6 8. Nc3 Nbd7 9. cxd5 Qxb3 10. axb3 Nxd5 11. Nxd5 cxd5 12. Bf4 Rd8 13. Bc7 Re8 14. Rfc1 e6 15. e3 Bf8 16. Bf1 Nf6 17. Ne5 Be7 18. Bb5 Rf8 19. Bb6 a6 20. Bc5 Bxc5 21. Rxc5 Ne4 22. Rc2 f6 23. Nf3 Rf7 24. Bd3 Nd6 25. Rac1 1/2-1/2

[Event "Cannes op"]
[Site "Cannes"]
[Date "1990.??.??"]
[Round "1"]
[White "Birmingham, Eric"]
[Black "Dubeck, Michael"]
[Result "1-0"]
[WhiteElo "2345"]
[BlackElo "2090"]
[PlyCount "123"]
[EventDate "1990.02.??"]
[EventType "swiss"]
[EventRounds "9"]
[EventCountry "FRA"]
[SourceTitle "EXT 1997"]
[Source "ChessBase"]
[SourceDate "1996.11.15"]
[SourceVersion "1"]
[SourceVersionDate "1996.11.15"]
[SourceQuality "1"]

1. e4 c5 2. Nf3 d6 3. d4 cxd4 4. Nxd4 Nf6 5. Nc3 a6 6. Be3 e6 7. Qd2 Nc6 8. f3 Be7 9. g4 0-0 10. 0-0-0 Nxd4 11. Bxd4 Nd7 12. h4 b5 13. g5 b4 14. Ne2 Ne5 15. f4 Nc6 16. Kb1 Qa5 17. h5 e5 18. Be3 Be6 19. b3 exf4 20. Nxf4 Bxg5 21. Nxe6 Bxe3 22. Qxe3 fxe6 23. Bc4 Qe5 24. Qb6 Na5 25. Bxe6+ Qxe6 26. Qxa5 Qxe4 27. Rhe1 Qh4 28. Qd5+ Kh8 29. Re4 Qh2 30. Rde1 h6 31. R4e2 Qg3 32. Qd4 Qf4 33. Re4 Qf6 34. Qxb4 a5 35. Qd2 a4 36. Re6 Qf5 37. Qxd6 axb3 38. axb3 Rac8 39. Qd1 Rfd8 40. Qe2 Qa5 41. Qe5 Qd2 42. Re2 Qd1+ 43. Kb2 Kh7 44. Re7 Qg1 45. Qe4+ Kh8 46. Rg2 Qc5 47. Qe5 Qxe5+ 48. Rxe5 Rd7 49. Rge2 Rc6 50. b4 Rc4 51. R2e4 Rcc7 52. Rc5 Rxc5 53. bxc5 Rc7 54. Re5 g6 55. Kc3 gxh5 56. Rxh5 Kg7 57. Kc4 Kg6 58. Rh1 Rd7 59. c6 Rd8 60. Kc5 Kf7 61. c7 Rg8 62. Kd6 1-0

[Event "Ostend op"]
[Site "Ostend"]
[Date "1990.??.??"]
[Round "?"]
[White "Birmingham, Eric"]
[Black "Hector, Jonny"]
[Result "0-1"]
[WhiteElo "2305"]
[BlackElo "2490"]
[PlyCount "52"]
[EventDate "1990.09.??"]
[EventType "swiss"]
[EventRounds "9"]
[EventCountry "BEL"]
[SourceTitle "EXT 1997"]
[Source "ChessBase"]
[SourceDate "1996.11.15"]
[SourceVersion "1"]
[SourceVersionDate "1996.11.15"]
[SourceQuality "1"]

1. e4 e5 2. Nf3 Nc6 3. Bc4 Nf6 4. d3 Bc5 5. c3 a6 6. 0-0 Ba7 7. Nbd2 0-0 8. Bb3 d6 9. Nc4 Ne7 10. Bg5 Kh8 11. Bxf6 gxf6 12. Nh4 Ng6 13. Nf5 Bxf5 14. exf5 Ne7 15. Qh5 d5 16. Ne3 c6 17. Rad1 Qd6 18. Rfe1 Rg8 19. Qxf7 Raf8 20. Qh5 Rg5 21. Qf3 Bxe3 22. fxe3 Nxf5 23. Rd2 Rfg8 24. Ree2 R8g6 25. e4 Qc5+ 26. Kh1 Ng3+ 0-1

[Event "FRA-ch"]
[Site "Angers"]
[Date "1990.??.??"]
[Round "11"]
[White "Birmingham, Eric"]
[Black "Koch, Jean Rene"]
[Result "0-1"]
[WhiteElo "2305"]
[BlackElo "2415"]
[PlyCount "68"]
[EventDate "1990.??.??"]
[EventType "tourn"]
[EventRounds "15"]
[EventCountry "FRA"]
[EventCategory "6"]
[SourceTitle "EXT 1997"]
[Source "ChessBase"]
[SourceDate "1996.11.15"]
[SourceVersion "1"]
[SourceVersionDate "1996.11.15"]
[SourceQuality "1"]

1. e4 c5 2. Nf3 d6 3. d4 cxd4 4. Nxd4 Nf6 5. Nc3 g6 6. Be3 Bg7 7. f3 0-0 8. Qd2 Nc6 9. g4 Be6 10. 0-0-0 Ne5 11. h4 Qa5 12. a3 Nc4 13. Bxc4 Bxc4 14. h5 b5 15. h6 Bh8 16. g5 b4 17. Nc6 Qc7 18. Nxb4 a5 19. Nbd5 Nxd5 20. exd5 Qb7 21. Bd4 Bxd5 22. Bxh8 Bxf3 23. Rhf1 Bxd1 24. Qxd1 Kxh8 25. Qd4+ f6 26. gxf6 e5 27. Qxd6 Qg2 28. Rd1 Qg5+ 29. Kb1 Qxf6 30. Ne4 Qxd6 31. Rxd6 Rf4 32. Nc5 g5 33. Re6 g4 34. Rxe5 g3 0-1

[Event "FRA-ch"]
[Site "Angers"]
[Date "1990.??.??"]
[Round "5"]
[White "Birmingham, Eric"]
[Black "Miralles, Gilles"]
[Result "0-1"]
[WhiteElo "2305"]
[BlackElo "2460"]
[PlyCount "80"]
[EventDate "1990.??.??"]
[EventType "tourn"]
[EventRounds "15"]
[EventCountry "FRA"]
[EventCategory "6"]
[SourceTitle "EXT 1997"]
[Source "ChessBase"]
[SourceDate "1996.11.15"]
[SourceVersion "1"]
[SourceVersionDate "1996.11.15"]
[SourceQuality "1"]

1. e4 c5 2. Nf3 Nc6 3. d4 cxd4 4. Nxd4 Nf6 5. Nc3 d6 6. Bc4 Qb6 7. Nb3 e6 8. Qe2 Be7 9. f4 a6 10. Be3 Qc7 11. g4 d5 12. exd5 exd5 13. Nxd5 Nxd5 14. Bxd5 Nb4 15. c4 0-0 16. 0-0 Bd7 17. Bf3 Rae8 18. a3 Ba4 19. axb4 Bxb3 20. c5 Rd8 21. Qg2 Rd3 22. Rae1 Bh4 23. Be4 Qd8 24. Qh3 Rd4 25. Bf2 Bxf2+ 26. Rxf2 Rxe4 27. Rxe4 Qd1+ 28. Rf1 Qc2 29. Rfe1 Bd5 30. R4e2 Qc4 31. Qe3 Bc6 32. Rd2 Qxb4 33. Qd4 Qa5 34. f5 h6 35. f6 gxf6 36. Rf1 Re8 37. b4 Qa3 38. Rdf2 Re4 39. Qd1 Kh7 40. Rf4 Qe3+ 0-1

[Event "Cannes op2"]
[Site "Cannes"]
[Date "1990.??.??"]
[Round "?"]
[White "Birmingham, Eric"]
[Black "Rausis, Igors"]
[Result "0-1"]
[WhiteElo "2345"]
[BlackElo "2470"]
[PlyCount "66"]
[EventDate "1990.??.??"]
[EventType "swiss"]
[EventRounds "9"]
[EventCountry "FRA"]
[SourceTitle "EXT 1999"]
[Source "ChessBase"]
[SourceDate "1998.11.16"]
[SourceVersion "1"]
[SourceVersionDate "1998.11.16"]
[SourceQuality "1"]

1. e4 e5 2. Nf3 Nc6 3. Bc4 Bc5 4. c3 Nf6 5. d3 a6 6. 0-0 Ba7 7. Re1 d6 8. Bb3 0-0 9. h3 h6 10. Nbd2 Nh5 11. Nf1 Qf6 12. Be3 Nf4 13. Bxa7 Rxa7 14. Ne3 Be6 15. Kh2 Raa8 16. Ng1 Rad8 17. g3 Bxb3 18. axb3 Ne6 19. Kg2 Ne7 20. Qf3 Qg6 21. Nf5 Qf6 22. Nxe7+ Qxe7 23. Qg4 Qd7 24. b4 f5 25. exf5 Rxf5 26. Re3 Rdf8 27. Rf3 Ng5 28. Rxf5 Rxf5 29. Re1 Qf7 30. Qe2 Qd5+ 31. Kh2 Rf8 32. Qe3 Rf3 33. Qe2 Rxd3 0-1

[Event "Paris-ch op"]
[Site "Paris"]
[Date "1990.??.??"]
[Round "?"]
[White "Bouton, Christophe"]
[Black "Birmingham, Eric"]
[Result "1/2-1/2"]
[WhiteElo "2275"]
[BlackElo "2345"]
[PlyCount "120"]
[EventDate "1990.05.??"]
[EventType "swiss"]
[EventRounds "9"]
[EventCountry "FRA"]
[SourceTitle "EXT 1997"]
[Source "ChessBase"]
[SourceDate "1996.11.15"]
[SourceVersion "1"]
[SourceVersionDate "1996.11.15"]
[SourceQuality "1"]

1. c4 c5 2. Nc3 Nf6 3. g3 Nc6 4. Bg2 g6 5. a3 Bg7 6. Rb1 d6 7. Nf3 0-0 8. 0-0 Ne8 9. d3 a6 10. Bd2 Nc7 11. b4 cxb4 12. axb4 b5 13. Nd5 bxc4 14. Nb6 cxd3 15. Nxa8 dxe2 16. Qxe2 Nxa8 17. Rbc1 Bb7 18. b5 Nb8 19. Rfe1 e6 20. Bb4 Qb6 21. bxa6 Nxa6 22. Ba3 Nc5 23. Rb1 Qa7 24. Qe3 Rc8 25. Rec1 Bf8 26. Nd2 Bxg2 27. Kxg2 Nb6 28. Nc4 Nbd7 29. Bxc5 Nxc5 30. Kg1 Rd8 31. Qf3 Qc7 32. Nd2 Bh6 33. Rc2 Rb8 34. Rxb8+ Qxb8 35. Ra2 d5 36. Nf1 Ne4 37. Qa3 Bf8 38. Qa8 Qb6 39. Rc2 Nc5 40. Qa2 d4 41. Rb2 Qd6 42. Qa8 d3 43. Rb8 Nd7 44. Rd8 d2 45. Nxd2 Qxd2 46. Qc8 Qe1+ 47. Kg2 Qe4+ 48. Kg1 Qe1+ 49. Kg2 Ne5 50. Rxf8+ Kg7 51. Rg8+ Kh6 52. Qb7 Qe2 53. h3 g5 54. Qa8 Ng6 55. Qb7 Ne5 56. Rd8 Kg7 57. Qb4 Qf3+ 58. Kg1 Ng6 59. Qb2+ e5 60. Qd2 Qf5 1/2-1/2

[Event "Paris-ch op"]
[Site "Paris"]
[Date "1990.??.??"]
[Round "?"]
[White "Gouret, Thierry"]
[Black "Birmingham, Eric"]
[Result "0-1"]
[WhiteElo "2250"]
[BlackElo "2345"]
[PlyCount "52"]
[EventDate "1990.05.??"]
[EventType "swiss"]
[EventRounds "9"]
[EventCountry "FRA"]
[SourceTitle "EXT 1997"]
[Source "ChessBase"]
[SourceDate "1996.11.15"]
[SourceVersion "1"]
[SourceVersionDate "1996.11.15"]
[SourceQuality "1"]

1. c4 c5 2. Nf3 Nf6 3. g3 g6 4. Bg2 Bg7 5. 0-0 Nc6 6. Nc3 0-0 7. d3 a6 8. Bd2 Rb8 9. a3 b5 10. cxb5 axb5 11. b4 cxb4 12. axb4 Nxb4 13. Qb3 Na6 14. Nxb5 Nc7 15. Nfd4 Nfe8 16. Qa4 Nxb5 17. Nxb5 d5 18. Rab1 Bd7 19. Ba5 Qc8 20. Rb4 Rxb5 21. Rxb5 Nd6 22. Rfb1 Nxb5 23. Rxb5 Qc1+ 24. Bf1 Bh3 25. Qd1 Qxd1 26. Be1 Qxe1 0-1

[Event "Cannes op2"]
[Site "Cannes"]
[Date "1990.??.??"]
[Round "?"]
[White "Kallai, Gabor"]
[Black "Birmingham, Eric"]
[Result "1/2-1/2"]
[WhiteElo "2420"]
[BlackElo "2345"]
[PlyCount "43"]
[EventDate "1990.??.??"]
[EventType "swiss"]
[EventRounds "9"]
[EventCountry "FRA"]
[SourceTitle "EXT 1999"]
[Source "ChessBase"]
[SourceDate "1998.11.16"]
[SourceVersion "1"]
[SourceVersionDate "1998.11.16"]
[SourceQuality "1"]

1. d4 e6 2. c4 f5 3. Nf3 Nf6 4. g3 d5 5. Bg2 c6 6. 0-0 Be7 7. Nbd2 0-0 8. Ne5 Nbd7 9. Ndf3 Nxe5 10. Nxe5 Nd7 11. Nf3 Nb6 12. cxd5 exd5 13. Ne5 Bf6 14. b3 Re8 15. Bb2 Qe7 16. f4 Be6 17. e3 Nc8 18. Bh3 Nd6 19. Ba3 Qc7 20. Bxd6 Qxd6 21. g4 fxg4 22. Bxg4 1/2-1/2

[Event "Cannes op2"]
[Site "Cannes"]
[Date "1990.??.??"]
[Round "?"]
[White "Moskalenko, Viktor"]
[Black "Birmingham, Eric"]
[Result "1/2-1/2"]
[WhiteElo "2525"]
[BlackElo "2345"]
[PlyCount "78"]
[EventDate "1990.??.??"]
[EventType "swiss"]
[EventRounds "9"]
[EventCountry "FRA"]
[SourceTitle "EXT 1999"]
[Source "ChessBase"]
[SourceDate "1998.11.16"]
[SourceVersion "1"]
[SourceVersionDate "1998.11.16"]
[SourceQuality "1"]

1. d4 e6 2. c4 f5 3. Nc3 Nf6 4. Nf3 Bb4 5. Bg5 h6 6. Bxf6 Qxf6 7. e3 d6 8. Be2 Nc6 9. 0-0 Bxc3 10. bxc3 0-0 11. Nd2 e5 12. Rb1 b6 13. f4 exd4 14. exd4 Bb7 15. Bf3 Na5 16. Bxb7 Nxb7 17. Qa4 Na5 18. Rbe1 c5 19. Nf3 Qf7 20. dxc5 Qxc4 21. Qxc4+ Nxc4 22. c6 Rfe8 23. Nd4 g6 24. h3 Kf7 25. g4 fxg4 26. hxg4 Rxe1 27. Rxe1 Rc8 28. Kf2 Na5 29. Rh1 Nxc6 30. Nb5 Kg7 31. Nxd6 Rd8 32. Ne4 Ne7 33. Re1 Rd7 34. Kf3 Rd3+ 35. Ke2 Rd7 36. Kf3 Rd3+ 37. Ke2 Rd7 38. Rf1 Nd5 39. f5 Nf6 1/2-1/2

[Event "FRA-ch"]
[Site "Angers"]
[Date "1990.??.??"]
[Round "14"]
[White "Seret, Jean Luc"]
[Black "Birmingham, Eric"]
[Result "1/2-1/2"]
[WhiteElo "2390"]
[BlackElo "2305"]
[PlyCount "105"]
[EventDate "1990.??.??"]
[EventType "tourn"]
[EventRounds "15"]
[EventCountry "FRA"]
[EventCategory "6"]
[SourceTitle "EXT 1997"]
[Source "ChessBase"]
[SourceDate "1996.11.15"]
[SourceVersion "1"]
[SourceVersionDate "1996.11.15"]
[SourceQuality "1"]

1. e4 c5 2. Nf3 e6 3. c3 d5 4. exd5 Qxd5 5. d4 Nf6 6. Bd3 Nc6 7. 0-0 Be7 8. dxc5 Qxc5 9. Be3 Qd6 10. Qc2 0-0 11. Rd1 Qc7 12. Bg5 h6 13. Bh4 Nh5 14. Bxe7 Qxe7 15. Na3 Nf6 16. Nc4 Rd8 17. a4 Qc7 18. b4 b6 19. b5 Ne7 20. a5 Bb7 21. Nfe5 Rac8 22. axb6 axb6 23. Ra7 Ra8 24. Rxa8 Rxa8 25. Nd6 Rf8 26. c4 Ba8 27. f4 Nc8 28. Ne4 Nxe4 29. Bxe4 Nd6 30. Bc6 Bxc6 31. bxc6 f6 32. Nd7 Rc8 33. Qd3 Ne8 34. Qa3 Qxc6 35. Qf8+ Kh7 36. Qf7 Qxc4 37. Nf8+ Kh8 38. Ng6+ Kh7 39. Ne7 Qc5+ 40. Kh1 Nd6 41. Qg6+ Kh8 42. Nxc8 Qxc8 43. Qd3 Nf5 44. Qe4 Kg8 45. g4 Ne7 46. f5 Kf7 47. Re1 e5 48. Rb1 h5 49. h3 hxg4 50. hxg4 g6 51. fxg6+ Nxg6 52. Ra1 Qd7 53. Rb1 1/2-1/2

[Event "Clichy"]
[Site "Clichy"]
[Date "1990.??.??"]
[Round "2"]
[White "Verat, Laurent"]
[Black "Birmingham, Eric"]
[Result "1/2-1/2"]
[WhiteElo "2240"]
[BlackElo "2345"]
[PlyCount "23"]
[EventDate "1990.??.??"]
[EventType "tourn"]
[EventRounds "9"]
[EventCountry "FRA"]
[EventCategory "4"]
[SourceTitle "EXT 1997"]
[Source "ChessBase"]
[SourceDate "1996.11.15"]
[SourceVersion "1"]
[SourceVersionDate "1996.11.15"]
[SourceQuality "1"]

1. e4 e6 2. d4 d5 3. Nc3 Bb4 4. e5 c5 5. a3 Bxc3+ 6. bxc3 Ne7 7. Qg4 Qc7 8. Qxg7 Rg8 9. Qxh7 cxd4 10. Ne2 Nbc6 11. Qd3 dxc3 12. Nxc3 1/2-1/2

[Event "FRA-ch"]
[Site "Epinal"]
[Date "1989.??.??"]
[Round "?"]
[White "Adrian, Claude"]
[Black "Birmingham, Eric"]
[Result "1-0"]
[WhiteElo "2250"]
[BlackElo "2365"]
[PlyCount "47"]
[EventDate "1989.??.??"]
[EventType "tourn"]
[EventRounds "15"]
[EventCountry "FRA"]
[EventCategory "4"]
[SourceTitle "TD"]
[Source "ChessBase"]
[SourceDate "1994.03.01"]
[SourceVersion "1"]
[SourceVersionDate "1994.03.01"]
[SourceQuality "1"]

1. Nf3 c5 2. c4 g6 3. Nc3 Bg7 4. d4 cxd4 5. Nxd4 Nc6 6. Nc2 d6 7. Ne3 Bxc3+ 8. bxc3 Be6 9. Nd5 Rc8 10. e4 Qa5 11. Be2 Ne5 12. 0-0 f6 13. Rb1 Nxc4 14. Rxb7 Bxd5 15. exd5 Nb6 16. Bg4 f5 17. Qd4 Nf6 18. Re1 0-0 19. Rexe7 Rf7 20. Rxf7 Qxc3 21. Rg7+ Kf8 22. Qxc3 Rxc3 23. Bh6 Ke8 24. Be2 1-0

[Event "FRA-chT"]
[Site "France"]
[Date "1989.??.??"]
[Round "?"]
[White "Birmingham, Eric"]
[Black "Capron, Daniel"]
[Result "0-1"]
[WhiteElo "2325"]
[BlackElo "2160"]
[PlyCount "66"]
[EventDate "1989.??.??"]
[EventType "team"]
[EventRounds "11"]
[EventCountry "FRA"]
[SourceTitle "TD"]
[Source "ChessBase"]
[SourceDate "1994.03.01"]
[SourceVersion "1"]
[SourceVersionDate "1994.03.01"]
[SourceQuality "1"]

1. e4 e5 2. Nf3 Nf6 3. Nxe5 Qe7 4. d4 Nc6 5. Nf3 Qxe4+ 6. Be2 d5 7. 0-0 Bd7 8. c4 0-0-0 9. Nc3 Qf5 10. Re1 dxc4 11. Bxc4 Be6 12. Bb5 Bd6 13. Be3 Nb4 14. Rc1 a6 15. Be2 h6 16. a3 Nbd5 17. b4 Ng4 18. Qd2 Ndxe3 19. fxe3 Bxh2+ 20. Nxh2 Qf2+ 21. Kh1 Nxe3 22. Rg1 Nf5 23. Ne4 Qh4 24. Qc2 c6 25. Bxa6 Qxe4 26. Bxb7+ Kxb7 27. Rge1 Qxc2 28. Rxc2 Rhe8 29. Nf3 Bd5 30. Rf1 Ng3+ 31. Kg1 Nxf1 32. Kxf1 Bxf3 33. gxf3 Re3 0-1

[Event "Cannes op"]
[Site "Cannes"]
[Date "1989.??.??"]
[Round "?"]
[White "Birmingham, Eric"]
[Black "Casa, Alex"]
[Result "1-0"]
[WhiteElo "2335"]
[BlackElo "2215"]
[PlyCount "57"]
[EventDate "1989.02.??"]
[EventType "swiss"]
[EventRounds "9"]
[EventCountry "FRA"]
[SourceTitle "TD"]
[Source "ChessBase"]
[SourceDate "1994.03.01"]
[SourceVersion "1"]
[SourceVersionDate "1994.03.01"]
[SourceQuality "1"]

1. e4 e5 2. Nf3 Nc6 3. Bc4 Nf6 4. d3 Bc5 5. c3 d6 6. 0-0 0-0 7. Re1 Bb6 8. h3 Ne7 9. Nbd2 Ng6 10. Bb3 c6 11. Nc4 Bc7 12. a4 Re8 13. d4 exd4 14. Qxd4 d5 15. exd5 Rxe1+ 16. Nxe1 Nxd5 17. Nf3 h6 18. Bc2 Ngf4 19. Bxf4 Nxf4 20. Qe4 Ng6 21. Nce5 Nf8 22. Nd4 Qf6 23. Re1 g6 24. Nxf7 Kg7 25. Ne5 h5 26. Bb3 Bd6 27. Re3 Nh7 28. Nc4 Ng5 29. Nxd6 1-0

[Event "FRA-ch"]
[Site "Epinal"]
[Date "1989.??.??"]
[Round "?"]
[White "Birmingham, Eric"]
[Black "Degraeve, Jean Marc"]
[Result "1-0"]
[WhiteElo "2365"]
[BlackElo "2365"]
[PlyCount "97"]
[EventDate "1989.??.??"]
[EventType "tourn"]
[EventRounds "15"]
[EventCountry "FRA"]
[EventCategory "4"]
[SourceTitle "TD"]
[Source "ChessBase"]
[SourceDate "1994.03.01"]
[SourceVersion "1"]
[SourceVersionDate "1994.03.01"]
[SourceQuality "1"]

1. g3 Nf6 2. Bg2 c5 3. c4 Nc6 4. Nc3 d6 5. Nf3 e5 6. d3 Be7 7. a3 0-0 8. Rb1 a5 9. 0-0 h6 10. Ne1 Ne8 11. f4 f5 12. Nd5 Nf6 13. Nc2 a4 14. Nce3 Nd4 15. Nc3 Qa5 16. Bd2 Qa6 17. Ned5 Nxd5 18. Nxd5 Bd8 19. Bc3 Be6 20. e3 Nc6 21. b4 axb3 22. Qxb3 Ra7 23. Bb2 Kh7 24. Qc2 g6 25. Nc3 e4 26. Nb5 Ra8 27. dxe4 Na5 28. Qc3 Rg8 29. exf5 gxf5 30. Bh3 Qc6 31. Qc2 Rf8 32. Bg2 Qd7 33. Rfd1 Nxc4 34. Bc1 Rb8 35. Bf1 Na5 36. Nxd6 Qc7 37. e4 Nc6 38. Bb2 Nd4 39. Bxd4 cxd4 40. Qxc7+ Bxc7 41. Rxd4 fxe4 42. Nxe4 Bf5 43. Rb5 Bxe4 44. Rxe4 Bd6 45. a4 b6 46. Kg2 Rf6 47. Kf3 Bc5 48. a5 Ra8 49. Ra4 1-0

[Event "FRA-chT"]
[Site "France"]
[Date "1989.??.??"]
[Round "?"]
[White "Birmingham, Eric"]
[Black "Ducic, Bogdan"]
[Result "1-0"]
[WhiteElo "2325"]
[BlackElo "2150"]
[PlyCount "76"]
[EventDate "1989.??.??"]
[EventType "team"]
[EventRounds "11"]
[EventCountry "FRA"]
[SourceTitle "TD"]
[Source "ChessBase"]
[SourceDate "1994.03.01"]
[SourceVersion "1"]
[SourceVersionDate "1994.03.01"]
[SourceQuality "1"]

1. g3 Nf6 2. Bg2 g6 3. e4 e5 4. Nf3 d6 5. d4 exd4 6. Nxd4 Bg7 7. 0-0 0-0 8. Nc3 Re8 9. Re1 Nbd7 10. h3 h6 11. a4 Nc5 12. a5 a6 13. f4 Nh7 14. Be3 Nf6 15. Bf2 Nfd7 16. Qd2 Ne6 17. Rad1 Ndf8 18. Nd5 Bd7 19. f5 Ng5 20. h4 Ngh7 21. Be3 Be5 22. Bf4 g5 23. Bxe5 dxe5 24. Nf3 Bc6 25. Qc3 f6 26. Nb6 Qe7 27. Nxa8 Rxa8 28. Bf1 gxh4 29. gxh4 Kh8 30. Kh2 Nd7 31. Qe3 Nc5 32. Bd3 h5 33. Rg1 Rd8 34. Bc4 Rf8 35. Rd2 Nxe4 36. Rdg2 Neg5 37. hxg5 fxg5 38. Nxe5 Qd6 1-0